000 00851nam a22002777a 4500
003 OSt
005 20240311173029.0
008 231026b |||||||| |||| 00| 0 eng d
020 _a9788421742815
037 _3Donación
040 _aCO-JMCR
_cCO-JMCR
_dCO-JMCR
_erda
041 _aspa
082 _aA-N
_bGALp
100 _eautor
_aGalsworthy, John
_943561
245 _aPrado florido /
_cJhon Galsworthy
246 _aFlowering Wilderness
260 _aEspaña
_bLuis de Caralt Editor
300 _a286 páginas
_c20 cm
490 _aBiblioteca Contemporanea
650 _2JMCR
_aLiteratura Inglesa
_ySiglo XX
_914247
650 _2JMCR
_aNovela Inglesa
_ySiglo XX
_97155
650 _2JMCR
_aAmor en la literatura
_9634
650 _2JMCR
_aBurguesía en la literatura
_943562
700 _aBertel, Emilia
_eTraductora
_943563
942 _2ddc
_cBK
999 _c30288
_d16672